Responses for Show #8017 - Tuesday, June 18, 2019

2019 Teen Tournament quarterfinal game 2.

Contestants

[<< previous game]

Eesha Sohail, a senior from Bakersfield, California

Alison Purcell, a senior from Bellaire, Texas

Lucas Miner, a junior from Miami, Florida

[next game >>]

Jeopardy! Round responses

GRAPHIC NOVELS
cabinetdepartment.gov
SHOPPING AT THE MALL
THINKING OUT LOUD
E BEFORE I
MR. DWAYNE JOHNSON
    $200 6
Robin

Eesha
    $200 1
Defense

Lucas
    $200 16
sunglasses

Alison
    $200 21
yes we can

Eesha
    $200 26
beige

Alison
    $200 11
Moana

Lucas
    $400 7
Queen Elizabeth I

Eesha
    $400 2
the Department of Education

Alison
    $400 17
an iPad

Eesha
    $400 22
Einstein

Lucas
    $400 27
a sheik

Lucas
    $400 12
Fast and Furious

Alison
    $600 8
New Mexico

Lucas
    $600 3
Labor

Lucas
    $600 18
Lara Croft

Eesha
    $1,000 23
Frederick Douglass

Lucas
    $600 28
a protein

Eesha
    $600 13
San Andreas

Alison
    $800 9
Lewis and Clark

Lucas
    $800 4
the Treasury Department

Lucas
    $800 19
Hot Topic

Alison
    $800 24
Mother Teresa

Eesha
    $800 29
Marseille

Alison
    $800 14
Kevin Hart

Alison
    $1000 10
Lumberjanes

Triple Stumper
    $1000 5
the Department of Homeland Security

Eesha
    $1000 20
Aeropostale

Eesha
    $1000 25
Nathan Hale

Eesha
    $1000 30
surveillance

Lucas
    $1000 15
the Scorpion King

Triple Stumper

Scores at the first commercial break (after clue 15):

Lucas Alison Eesha
$3,200 $2,200 $1,600

Scores at the end of the Jeopardy! Round:

Lucas Alison Eesha
$6,000 $4,200 $6,200

Double Jeopardy! Round responses

APPROPRIATE FOR MINERS
THE WESTERN HEMISPHERE
NEWSPEOPLE
MEASURING YOUR WORDS
A WRITER'S LIFE
CLASS(ICAL MUSIC) IS IN
    $400 6
diamonds

Lucas
    $400 1
the Inca

Alison
    $400 16
Anderson Cooper

Alison
    $400 11
a foot

Eesha
    $400 21
(Robert Louis) Stevenson

Eesha
    $400 29
Mercury

Eesha
    $800 7
Levi

Lucas
    $800 2
the Rockies

Eesha
    $800 17
FOX

Alison
    $800 12
knots

Lucas
    $800 22
Fitzgerald

Eesha
    $800 25
the cello

Lucas
    $1200 8
lung

Eesha
    $1200 3
(Lucas: What is hockey?)
(Alison: What is curling?)

lacrosse

LucasAlison
Triple Stumper
    $1200 18
Cuomo

Alison
    $1200 13
(Lucas: What are holes?)

yards

LucasEesha
    $1200 23
a Life Saver

Lucas
    $1200 26
the night

Eesha
    $1600 9
Chile

Lucas
    $1600 4
Haiti

Lucas
    $1600 19
Olivia Munn

Triple Stumper
    $1600 14
a second

Eesha
    $2,000 24
(Lucas: Who is Swift?)

James Barrie (J.M. Barrie)

Lucas
    $1600 27
the Valkyries

Lucas
    $2000 10
canaries

Eesha
    $2,000 5
São Paulo

Lucas
    $2000 20
Telemundo

Eesha
    $2000 15
meter

Eesha
    $2000 30
Wordsworth

Lucas
    $2000 28
a bumblebee

Lucas

Scores at the end of the Double Jeopardy! Round:

Lucas Alison Eesha
$16,400 $5,800 $20,200

Final Jeopardy! Round responses

KINGS, QUEENS & PRESIDENTS
(Alex: [To Eesha] No, Queen Elizabeth has had only 13 U.S. presidents during her reign.)
AlisonWho is Queen Victoria?
$5,800
LucasWho is Queen Victoria
$4,600
EeshaWho is Queen Elizabeth II?
$413
Queen Victoria

Final scores:

Lucas Alison Eesha
$21,000 $11,600 $19,787
Automatic semifinalist 3rd place: $5,000 if eliminated 2nd place: $5,000 if eliminated

Game dynamics:

Coryat scores:

Lucas Alison Eesha
$18,000 $5,800 $20,200
21 R
(including 2 DDs),
3 W
(including 1 DD)
12 R,
1 W
22 R,
0 W

Combined Coryat: $44,000

[game clues] [game scores] [suggest correction]

Game tape date: 2018-12-10
The J! Archive is created by fans, for fans. Scraping, republication, monetization, and malicious use prohibited; this site may use cookies and collect identifying information. See terms. The Jeopardy! game show and all elements thereof, including but not limited to copyright and trademark thereto, are the property of Jeopardy Productions, Inc. and are protected under law. This website is not affiliated with, sponsored by, or operated by Jeopardy Productions, Inc. Join the discussion at JBoard.tv.